[Event "Saint Denis op"]
[Site "Saint Denis"]
[Date "2022.10.13"]
[Round "3"]
[White "Dace, Jean Emeric"]
[Black "Khantalin, Serafim"]
[Result "1-0"]
[WhiteElo "1649"]
[BlackElo "1009"]
[PlyCount "21"]
[EventDate "2022.10.13"]
[EventType "swiss"]
[EventRounds "9"]
[EventCountry "RUF"]
[SourceTitle "EXT 2024"]
[Source "ChessBase"]
[SourceDate "2023.10.10"]
[SourceVersion "1"]
[SourceVersionDate "2023.10.10"]
[SourceQuality "1"]

1. d4 d5 2. Bf4 Nc6 3. e3 Bf5 4. c3 e6 5. Nf3 Be7 6. Qa4 Qb8 7. Ne5 f6 8. Nxc6 bxc6 9. Qxc6+ Kd8 10. Bb5 Be4 11. Qd7# 1-0

[Event "Saint Denis op"]
[Site "Saint Denis"]
[Date "2022.10.13"]
[Round "9"]
[White "Khantalin, Serafim"]
[Black "Cavillot Delestage, Honore"]
[Result "0-1"]
[WhiteElo "1009"]
[BlackElo "1009"]
[PlyCount "96"]
[EventDate "2022.10.13"]
[EventType "swiss"]
[EventRounds "9"]
[EventCountry "RUF"]
[SourceTitle "EXT 2024"]
[Source "ChessBase"]
[SourceDate "2023.10.10"]
[SourceVersion "1"]
[SourceVersionDate "2023.10.10"]
[SourceQuality "1"]

1. e4 e5 2. Nc3 Nf6 3. d3 Nc6 4. Nf3 Bc5 5. Be2 0-0 6. h4 d6 7. h5 h6 8. Rh3 Bxh3 9. gxh3 Qd7 10. Nd5 Bb4+ 11. c3 Bc5 12. b4 Bb6 13. Nh4 Nh7 14. Nf5 Qe6 15. Kd2 Ng5 16. h4 Nh3 17. Qh1 Nxf2 18. Qg2 g6 19. Nxh6+ Kg7 20. Qxf2 Bxf2 21. Bg4 Qe8 22. Ke2 Bxh4 23. Nxc7 Qb8 24. Nxa8 Qxa8 25. a4 f6 26. c4 Bg5 27. b5 Bxh6 28. Bd7 Bxc1 29. Rxc1 Nd4+ 30. Ke3 Nb3 31. Rg1 Rf7 32. Rxg6+ Kf8 33. Be6 Rg7 34. Rxf6+ Ke7 35. Rh6 Rg3+ 36. Ke2 Nd4+ 37. Kd2 Nxe6 38. Rh7+ Rg7 39. Rh6 Qg8 40. a5 Rg2+ 41. Kc3 Nc5 42. Kb4 Nxd3+ 43. Ka4 Rb2 44. Ka3 Qg1 45. Rh7+ Kf8 46. Rh8+ Kg7 47. h6+ Kxh8 48. Ka4 Qa1# 0-1